Little Dorrit
Gardado en:
| Autor Principal: | |
|---|---|
| Formato: | Libro |
| Idioma: | English |
| Publicado: |
New York
Distributed by Random House
1992
Knopf |
| Series: | Everyman’s library
|
| Những chủ đề: | |
| Các nhãn: |
Engadir etiqueta
Sen Etiquetas, Sexa o primeiro en etiquetar este rexistro!
|
| Thư viện lưu trữ: | Trung tâm Học liệu Lê Vũ Hùng, Trường Đại học Đồng Tháp |
|---|
| LEADER | 00820pam a22002658a 4500 | ||
|---|---|---|---|
| 001 | 00025238 | ||
| 005 | 20171026081023.0 | ||
| 008 | 110801s1992 ||||||engsd | ||
| 020 | # | # | |a 1 85715 111 9 |
| 041 | 0 | # | |a eng |
| 082 | 1 | 4 | |a 823 |b L300T |
| 100 | 1 | # | |a Dickens, Charles |d 1812-1870 |
| 245 | 1 | 0 | |a Little Dorrit |c Charles Dickens |
| 260 | # | # | |a New York |b Distributed by Random House |c 1992 |
| 260 | |b Knopf | ||
| 300 | # | # | |a xxxvii, 836 p. |b ill. |c 21 cm. |
| 490 | # | # | |a Everyman’s library |
| 504 | # | # | |a Includes bibliographical references (p. xxii) |
| 650 | # | 4 | |a Anh |
| 650 | # | 4 | |a Tiểu thuyết |
| 650 | # | 4 | |a Văn học hiện đại |
| 852 | # | # | |b Kho đọc |j KD.0008342 |
| 852 | # | # | |j KD.0008342 |
| 910 | |d 01/08/2011 | ||
| 980 | # | # | |a Trung tâm Học liệu Lê Vũ Hùng, Trường Đại học Đồng Tháp |